Provincias argentinas que limitan con Chile - Estadísticas

Estadísticas generales
  • Esta prueba ha sido intentada 1.140 veces
  • La puntuación promedio es 9 de 11
Estadísticas de respuestas
Provincia % Correcto
Mendoza
93%
Tierra del Fuego, Antártida e Islas del Atlántico Sur
90%
Jujuy
88%
Salta
87%
Neuquén
85%
Chubut
84%
Río Negro
84%
San Juan
84%
La Rioja
81%
Santa Cruz
81%
Catamarca
78%
No se encontraron pruebas coincidentes
Distribución de puntuación
Porcentaje de gente con cada puntuación
Porcentaje por número respondido
Historial de tus puntuaciones
No has intentado esta prueba.